| 000 | 00985nas a2200289 4500 | ||
|---|---|---|---|
| 001 | BR2013003346 | ||
| 003 | BR-BrBNA | ||
| 005 | 20231205122319.0 | ||
| 007 | ta | ||
| 008 | 230509b bl.|||p| |||| 00| 00por d | ||
| 040 |
_aBR-BrBNA _bpor _cBiblioteca Nacional de Agricultura |
||
| 041 | _a(Pt) | ||
| 072 | _aL01 | ||
| 100 | 1 | _aSousa, M.S. | |
| 100 | 1 | _aFerreira, A.S. | |
| 100 | 1 | _aTinôco, I. de F.F. | |
| 100 | 1 | _aPires , L.C. | |
| 245 | 1 | _aBem estar e comportamento lactacional de porcas alojadas em diferentes tipos de maternidades durante o inverno | |
| 650 | _aSUÍNOCULTURA | ||
| 650 | _aABRIGO PARA ANIMAL | ||
| 650 | _aLACTAÇÃO | ||
| 650 | _aANÁLISE COMPARATIVA | ||
| 773 | 0 |
_tRevista Brasileira de Agropecuária Sustentável (Brazil) _xISSN 2178-5317 _g(Dec 2012), V. 2(2) p. 126-131 _wBR2013003346 |
|
| 856 | 4 | 0 | _uhttp://www.rbas.com.br/downloads.php?arquivo=pdf/revista_4_artigo_98.pdf |
| 909 |
_a202311 _bLúcia _c55 _dLúcia Elande |
||
| 942 |
_2AGRIS _n0 _cANA |
||
| 999 |
_c228017 _d228017 |
||